| 000 | 00339nam a2200121Ia 4500 | ||
|---|---|---|---|
| 008 | 231129s1976||||xx |||||||||||||| ||spa|| | ||
| 082 | _aHAJ- 0225 | ||
| 100 | _aLondoƱo Carlos Mario | ||
| 245 | 0 | _aEl movimiento cooperativo y el Estado | |
| 260 | _c1976 | ||
| 264 | _aBuenos Aires: Intercoop editora cooperativa 1976 | ||
| 942 |
_2ddc _cBKS |
||
| 999 |
_c11756 _d11756 |
||